[Event "Heusenstamm Sparkassen op 11th"]
[Site "Heusenstamm"]
[Date "2024.11.22"]
[Round "3"]
[White "Maiorov, Daniel"]
[Black "Shah, Shrey"]
[Result "0-1"]
[WhiteElo "1977"]
[BlackElo "1753"]
[PlyCount "66"]
[EventDate "2024.11.21"]
[EventType "swiss"]
[EventRounds "7"]
[EventCountry "GER"]
[SourceTitle "CB51_2024"]
[SourceDate "2024.12.18"]
[SourceVersion "1"]
[SourceVersionDate "2024.12.18"]
[SourceQuality "1"]

1. e4 d6 2. Nf3 d5 3. Nc3 dxe4 4. Nxe4 Nf6 5. Nxf6+ exf6 6. d4 Bd6 7. Bd3 0-0 8. 0-0 Bg4 9. c3 Nd7 10. Kh1 Re8 11. Qc2 Nf8 12. Nd2 Be7 13. Ne4 f5 14. Nc5 f4 15. f3 Bc8 16. Bd2 b6 17. Na6 Bd6 18. Rfe1 Bb7 19. a3 Qh4 20. Nb4 c5 21. dxc5 Bxc5 22. Be4 Bf2 23. Bxf4 Bxe1 24. Bxb7 Rad8 25. g3 Qh3 26. Kg1 Bd2 27. Be4 Bxf4 28. gxf4 Ne6 29. Nd5 Nc5 30. Re1 Rxd5 31. Bxh7+ Kf8 32. Rxe8+ Kxe8 33. Qe2+ Qe6 0-1

[Event "Oberliga Ost-B 1516"]
[Site "Germany"]
[Date "2015.10.10"]
[Round "2.8"]
[White "Bittner, Peter"]
[Black "Maiorov, Daniel"]
[Result "0-1"]
[WhiteElo "1924"]
[BlackElo "1963"]
[PlyCount "68"]
[EventDate "2015.09.20"]
[EventType "team-tourn"]
[EventRounds "11"]
[EventCountry "GER"]
[SourceTitle "EXT 2017"]
[Source "ChessBase"]
[SourceDate "2016.10.25"]
[SourceVersion "1"]
[SourceVersionDate "2016.10.25"]
[SourceQuality "1"]
[WhiteTeam "Nied"]
[BlackTeam "Oberursel"]
[WhiteTeamCountry "GER"]
[BlackTeamCountry "GER"]

1. Nf3 Nf6 2. b3 d5 3. Bb2 Bf5 4. d3 c5 5. e3 Nc6 6. Be2 Qc7 7. Nbd2 e5 8. Nh4 Be6 9. Nhf3 0-0-0 10. h3 h6 11. a3 e4 12. Nh2 d4 13. 0-0 dxe3 14. fxe3 Qg3 15. Qe1 Qxe3+ 16. Kh1 Nd4 17. Bxd4 Rxd4 18. Nc4 Qg5 19. c3 Rd7 20. h4 Qd5 21. dxe4 Qxe4 22. Rd1 Rxd1 23. Qxd1 Qxh4 24. Kg1 Be7 25. Qc1 Nd5 26. Ne5 Bf6 27. Nhg4 Bxe5 28. Nxe5 Qe4 29. c4 Qxe2 30. cxd5 Qxe5 31. dxe6 fxe6 32. Re1 Qd4+ 33. Kh1 Re8 34. Qc2 Qh4+ 0-1

[Event "Karl Mala Memorial op-A 16th"]
[Site "Frankfurt"]
[Date "2013.07.13"]
[Round "4"]
[White "Spitzl, Vinzent"]
[Black "Maiorov, Daniel"]
[Result "1/2-1/2"]
[WhiteElo "1821"]
[BlackElo "1980"]
[PlyCount "109"]
[EventDate "2013.07.11"]
[EventType "swiss"]
[EventRounds "7"]
[EventCountry "GER"]
[SourceTitle "EXT 2014"]
[Source "ChessBase"]
[SourceDate "2013.11.20"]
[SourceVersion "1"]
[SourceVersionDate "2013.11.20"]
[SourceQuality "1"]

1. e4 c5 2. Nf3 d6 3. d4 cxd4 4. Nxd4 Nf6 5. Nc3 g6 6. Be3 Bg7 7. f3 Nc6 8. Qd2 0-0 9. 0-0-0 d5 10. exd5 Nxd5 11. Nxc6 bxc6 12. Nxd5 cxd5 13. Qxd5 Qc7 14. Qc5 Qb7 15. b3 Bf5 16. Bd3 Bxd3 17. Rxd3 Qa6 18. Kb1 Rfc8 19. Qd5 e6 20. Qd6 Rc6 21. Qd7 Bf6 22. Bd4 Rd6 23. Qxd6 Qxd6 24. Bxf6 Qf4 25. Bb2 h6 26. Rhd1 g5 27. g3 Qb8 28. Bf6 Kh7 29. Rd7 Kg6 30. Bb2 Qb5 31. f4 Qe2 32. R7d2 Qe4 33. Rf1 f5 34. Be5 Rc8 35. Rfd1 Rc6 36. Kb2 a5 37. c4 a4 38. Rd4 Qe2+ 39. R4d2 Qe4 40. Rd4 Qe2+ 41. R4d2 Qe3 42. Rd8 axb3 43. axb3 Rb6 44. R8d3 Qf2+ 45. R3d2 Qf3 46. Rd3 Qe2+ 47. R1d2 Qf1 48. Rd1 Qg2+ 49. R3d2 Qe4 50. Rd4 Qe2+ 51. R1d2 Qe1 52. Rd6 Kh5 53. Rd1 Qe2+ 54. R1d2 Qe3 55. R2d3 1/2-1/2

[Event "Karl Mala Memorial op-A 16th"]
[Site "Frankfurt"]
[Date "2013.07.11"]
[Round "1"]
[White "Maiorov, Daniel"]
[Black "Berkes, Joerg"]
[Result "1-0"]
[WhiteElo "1980"]
[BlackElo "1787"]
[PlyCount "75"]
[EventDate "2013.07.11"]
[EventType "swiss"]
[EventRounds "7"]
[EventCountry "GER"]
[SourceTitle "EXT 2014"]
[Source "ChessBase"]
[SourceDate "2013.11.20"]
[SourceVersion "1"]
[SourceVersionDate "2013.11.20"]
[SourceQuality "1"]

1. e4 e6 2. Nf3 d5 3. Nc3 Nf6 4. e5 Nfd7 5. d4 c5 6. dxc5 Bxc5 7. Bd3 Nc6 8. Bf4 d4 9. Ne4 Bb4+ 10. c3 dxc3 11. bxc3 Be7 12. Qe2 Qa5 13. 0-0 Ndxe5 14. Nxe5 Nxe5 15. Bb5+ Nc6 16. Nd6+ Bxd6 17. Bxd6 Bd7 18. Rab1 0-0-0 19. Qc4 a6 20. Ba4 Qd5 21. Rxb7 Qxc4 22. Rfb1 Qb5 23. Rc7+ Kb8 24. Rxc6+ Kb7 25. Rc7+ Kb6 26. Bxb5 Bxb5 27. Bg3 Rd3 28. Rxf7 Rxc3 29. Rxg7 Rhc8 30. h4 h5 31. Kh2 Kc5 32. Rg5+ Kc4 33. Rxh5 Kd3 34. Re5 Bc4 35. Rb2 Rc1 36. Re3+ Kd4 37. h5 Rh8 38. Be5+ 1-0

[Event "Berlin Lichtenrade op 08th"]
[Site "Berlin"]
[Date "2012.09.30"]
[Round "2"]
[White "Maiorov, Daniel"]
[Black "Bruedigam, Martin"]
[Result "0-1"]
[WhiteElo "1979"]
[BlackElo "2291"]
[PlyCount "94"]
[EventDate "2012.09.29"]
[EventType "swiss"]
[EventRounds "9"]
[EventCountry "GER"]
[SourceTitle "CBM 150 Extra"]
[Source "ChessBase"]
[SourceDate "2012.10.19"]
[SourceVersion "1"]
[SourceVersionDate "2012.10.19"]
[SourceQuality "1"]

1. e4 e5 2. Nf3 Nc6 3. Bc4 Bc5 4. d3 Nf6 5. 0-0 d6 6. c3 a6 7. Bb3 h6 8. h3 0-0 9. Nbd2 Re8 10. Re1 Be6 11. Nf1 Bxb3 12. Qxb3 d5 13. Ng3 b5 14. Nf5 Qd7 15. Bd2 Bf8 16. Rad1 Qe6 17. Ng3 Rad8 18. Bc1 Na5 19. Qc2 dxe4 20. Nxe4 Nxe4 21. Rxe4 Nc6 22. b3 Qg6 23. Qe2 Bd6 24. d4 f5 25. Re3 e4 26. Nh4 Qf6 27. g3 Ne7 28. c4 c5 29. Bb2 cxd4 30. Bxd4 Be5 31. Bxe5 Qxe5 32. cxb5 Nd5 33. Qc4 axb5 34. Qe2 Nxe3 35. Rxd8 Qa1+ 36. Kh2 Nf1+ 37. Kg2 Rxd8 38. Nxf5 Nd2 39. Qxb5 Qf6 40. a4 h5 41. a5 g6 42. Ne3 Qf7 43. Qb6 Rf8 44. Nd1 e3 45. Qxe3 Qd5+ 46. Kg1 Nf3+ 47. Kg2 Nh4+ 0-1

[Event "GER-ch Net qual1 U25"]
[Site "Playchess.com INT"]
[Date "2011.05.01"]
[Round "3"]
[White "Maiorov, Daniel"]
[Black "Rudolf, Sebastian"]
[Result "0-1"]
[WhiteElo "1883"]
[BlackElo "2343"]
[PlyCount "112"]
[EventDate "2011.05.01"]
[EventType "swiss (blitz)"]
[EventRounds "7"]
[EventCountry "GER"]
[SourceTitle "CBM 142 Extra"]
[Source "ChessBase"]
[SourceDate "2011.06.27"]
[SourceVersion "1"]
[SourceVersionDate "2011.06.27"]
[SourceQuality "1"]

1. e4 c5 2. Nf3 Nc6 3. d4 cxd4 4. Nxd4 Qc7 5. c4 Qe5 6. Be3 Qxe4 7. Nc3 Qe5 8. Nd5 Nxd4 9. Qxd4 Qxd4 10. Bxd4 Kd8 11. Be5 d6 12. 0-0-0 Bd7 13. Bd4 b6 14. Nxb6 axb6 15. Bxb6+ Ke8 16. c5 dxc5 17. Bc4 Nf6 18. Bxc5 Rc8 19. b4 e6 20. Kb2 Bxc5 21. bxc5 Rxc5 22. Bb3 Ke7 23. Rd4 Bc6 24. f3 Bd5 25. Rhd1 Rhc8 26. R1d2 Bxb3 27. axb3 Nd5 28. b4 Rc4 29. Kb3 Rc3+ 30. Kb2 R8c4 31. R2d3 Rc2+ 32. Kb3 Rxd4 33. Rxd4 Rxg2 34. b5 Rxh2 35. Rc4 Rh1 36. Kb2 h5 37. Rc6 h4 38. b6 Nxb6 39. Rxb6 h3 40. Rb7+ Kf6 41. Rb4 h2 42. Rh4 g5 43. Rh3 Kf5 44. Kc3 Kf4 45. Kd2 f5 46. Ke2 g4 47. fxg4 fxg4 48. Rh8 g3 49. Rf8+ Ke5 50. Rh8 Rg1 51. Kf3 h1Q+ 52. Rxh1 Rxh1 53. Kxg3 Rf1 54. Kg2 Rf8 55. Kg3 Kd4 56. Kg4 e5 0-1

[Event "GER-ch Net qual1 U25"]
[Site "Playchess.com INT"]
[Date "2011.05.01"]
[Round "5"]
[White "Maiorov, Daniel"]
[Black "Spreer, Lutz"]
[Result "1-0"]
[WhiteElo "1883"]
[BlackElo "1654"]
[PlyCount "65"]
[EventDate "2011.05.01"]
[EventType "swiss (blitz)"]
[EventRounds "7"]
[EventCountry "GER"]
[SourceTitle "CBM 142 Extra"]
[Source "ChessBase"]
[SourceDate "2011.06.27"]
[SourceVersion "1"]
[SourceVersionDate "2011.06.27"]
[SourceQuality "1"]

1. e4 d5 2. Nc3 d4 3. Nce2 e5 4. Nf3 Nc6 5. Ng3 Bg4 6. Bc4 Nf6 7. h3 Bxf3 8. Qxf3 Nb4 9. Qb3 Qd7 10. 0-0 Bd6 11. d3 0-0 12. a3 Nc6 13. f4 Na5 14. Qb5 Nxc4 15. Qxc4 a5 16. fxe5 Bxe5 17. Bf4 Qd6 18. Bxe5 Qxe5 19. Nf5 Ra6 20. Qxd4 Qg3 21. Nxg3 Rd6 22. Qf2 c5 23. e5 Rb6 24. exf6 Rxf6 25. Qe2 Re6 26. Qd2 a4 27. Rae1 Rb6 28. Nf5 g6 29. Qh6 gxf5 30. Qxb6 Rc8 31. Rxf5 Rb8 32. Qf6 Kf8 33. Qh8# 1-0

[Event "GER-chT U20"]
[Site "Chemnitz"]
[Date "2009.12.30"]
[Round "7.3"]
[White "Maiorov, Daniel"]
[Black "Wolff, Christoph1"]
[Result "1/2-1/2"]
[WhiteElo "1920"]
[BlackElo "1812"]
[PlyCount "27"]
[EventDate "2009.12.27"]
[EventType "team-swiss"]
[EventRounds "7"]
[EventCountry "GER"]
[SourceTitle "EXT 2022"]
[Source "ChessBase"]
[SourceDate "2021.10.06"]
[SourceVersion "1"]
[SourceVersionDate "2021.10.06"]
[SourceQuality "1"]
[WhiteTeam "Hamburg Koenigsspringer U20"]
[BlackTeam "Stadtilm Blau Weiss U20"]
[WhiteTeamCountry "GER"]
[BlackTeamCountry "GER"]

1. e4 e5 2. Nf3 Nf6 3. Nxe5 d6 4. Nf3 Nxe4 5. d3 Nf6 6. d4 d5 7. Bd3 Be7 8. 0-0 0-0 9. Nbd2 Bg4 10. h3 Bh5 11. Re1 Nc6 12. c3 Re8 13. Nf1 Bd6 14. Rxe8+ 1/2-1/2

[Event "Arctic Chess Challenge"]
[Site "Tromsoe"]
[Date "2009.08.03"]
[Round "3"]
[White "Kvisla, Johannes Luangtep"]
[Black "Maiorov, Daniel"]
[Result "1-0"]
[WhiteElo "2222"]
[BlackElo "1930"]
[PlyCount "63"]
[EventDate "2009.08.01"]
[EventType "swiss"]
[EventRounds "9"]
[EventCountry "NOR"]
[SourceTitle "CBM 131 Extra"]
[Source "ChessBase"]
[SourceDate "2009.09.03"]
[SourceVersion "2"]
[SourceVersionDate "2009.09.16"]
[SourceQuality "1"]

1. d4 Nf6 2. Nf3 e6 3. g3 Nc6 4. Bg2 d5 5. 0-0 Bd6 6. b3 e5 7. dxe5 Nxe5 8. Bb2 Nxf3+ 9. Bxf3 c6 10. Nd2 Bf5 11. c4 dxc4 12. Nxc4 Be7 13. Qc1 0-0 14. Rd1 Qc8 15. Nd6 Bxd6 16. Rxd6 Ne4 17. Bxe4 Bxe4 18. Qg5 Bg6 19. Rad1 f6 20. Qc5 Qf5 21. Qxf5 Bxf5 22. f3 Rfe8 23. e4 Be6 24. h4 Kf7 25. g4 Rac8 26. Kf2 Ke7 27. g5 Bd5 28. Ba3 Bg8 29. gxf6+ gxf6 30. Rd7+ Ke6 31. R1d6+ Ke5 32. Bb2+ 1-0

[Event "Arctic Chess Challenge"]
[Site "Tromsoe"]
[Date "2009.08.01"]
[Round "1"]
[White "Shytaj, Luca"]
[Black "Maiorov, Daniel"]
[Result "1-0"]
[WhiteElo "2455"]
[BlackElo "1930"]
[PlyCount "39"]
[EventDate "2009.08.01"]
[EventType "swiss"]
[EventRounds "9"]
[EventCountry "NOR"]
[SourceTitle "CBM 131 Extra"]
[Source "ChessBase"]
[SourceDate "2009.09.03"]
[SourceVersion "2"]
[SourceVersionDate "2009.09.16"]
[SourceQuality "1"]

1. e4 c5 2. Nf3 d6 3. d4 cxd4 4. Nxd4 Nf6 5. Nc3 g6 6. Be3 Bg7 7. f3 Nc6 8. Qd2 0-0 9. g4 Be6 10. 0-0-0 Ne5 11. g5 Ne8 12. h4 Rc8 13. f4 Nc4 14. Bxc4 Rxc4 15. Qe2 Qc8 16. f5 gxf5 17. exf5 Bxd4 18. Rxd4 Rxd4 19. Bxd4 Bxf5 20. Nd5 1-0

[Event "GER-ch Net qual4 U25"]
[Site "Playchess.com INT"]
[Date "2009.06.17"]
[Round "7"]
[White "Donchenko, Alexander"]
[Black "Maiorov, Daniel"]
[Result "1-0"]
[WhiteElo "1984"]
[BlackElo "1942"]
[PlyCount "45"]
[EventDate "2009.06.17"]
[EventType "swiss (blitz)"]
[EventRounds "7"]
[EventCountry "GER"]
[SourceTitle "CBM 130 Extra"]
[Source "ChessBase"]
[SourceDate "2009.07.02"]
[SourceVersion "2"]
[SourceVersionDate "2009.07.15"]
[SourceQuality "1"]

1. d4 d5 2. Nf3 Nf6 3. c4 dxc4 4. Nc3 e6 5. e4 a6 6. a4 c5 7. Bg5 Nc6 8. e5 h6 9. Bh4 g5 10. Nxg5 cxd4 11. Nge4 Be7 12. Nxf6+ Kf8 13. Nce4 Nxe5 14. Ng4 Bb4+ 15. Nd2 Qxh4 16. Nxe5 c3 17. Qf3 cxd2+ 18. Kd1 f5 19. Ng6+ Kg7 20. Nxh4 Bd7 21. Qf4 b5 22. Qxd4+ Kh7 23. Qxd7+ 1-0

[Event "GER-ch Net qual3 U25"]
[Site "Playchess.com INT"]
[Date "2009.05.17"]
[Round "1"]
[White "Maiorov, Daniel"]
[Black "Harff, Marcel"]
[Result "0-1"]
[WhiteElo "1942"]
[BlackElo "2181"]
[PlyCount "58"]
[EventDate "2009.05.17"]
[EventType "swiss (blitz)"]
[EventRounds "7"]
[EventCountry "GER"]
[SourceTitle "CBM 130 Extra"]
[Source "ChessBase"]
[SourceDate "2009.07.02"]
[SourceVersion "2"]
[SourceVersionDate "2009.07.15"]
[SourceQuality "1"]

1. e4 e6 2. Nf3 d5 3. Nc3 Nf6 4. e5 Nfd7 5. d4 c5 6. dxc5 Nc6 7. Bf4 Bxc5 8. Bd3 Qb6 9. 0-0 Qxb2 10. Na4 Qb4 11. c4 dxc4 12. Rb1 Qa5 13. Bxc4 a6 14. Nxc5 Qxc5 15. Rc1 Qa5 16. Ng5 Ndxe5 17. Re1 Nxc4 18. Rxc4 h6 19. Ne4 0-0 20. Rc5 Qb4 21. Bxh6 e5 22. Nf6+ gxf6 23. Re3 Bf5 24. Rg3+ Bg6 25. h4 Qxh4 26. Qd7 Qxh6 27. Rh3 Qf4 28. Rcc3 Rad8 29. Qxb7 Rd1# 0-1

[Event "GER-ch Net qual2 U25"]
[Site "Playchess.com INT"]
[Date "2009.05.13"]
[Round "5"]
[White "Zeldin, Leonid"]
[Black "Maiorov, Daniel"]
[Result "1-0"]
[WhiteElo "2104"]
[BlackElo "1942"]
[PlyCount "37"]
[EventDate "2009.05.13"]
[EventType "swiss (blitz)"]
[EventRounds "7"]
[EventCountry "GER"]
[SourceTitle "CBM 130 Extra"]
[Source "ChessBase"]
[SourceDate "2009.07.02"]
[SourceVersion "2"]
[SourceVersionDate "2009.07.15"]
[SourceQuality "1"]

1. e4 c5 2. Nf3 d6 3. d4 cxd4 4. Nxd4 Nf6 5. Nc3 g6 6. Be3 Bg7 7. f3 Nc6 8. Qd2 0-0 9. 0-0-0 d5 10. Qe1 e5 11. Nxc6 bxc6 12. exd5 cxd5 13. Bg5 Bb7 14. Qxe5 Re8 15. Qd4 Rc8 16. Bb5 Re6 17. Rhe1 Ne4 18. Bxd8 Be5 19. Qxa7 1-0

[Event "GER-ch Net qual1 U25"]
[Site "Playchess.com INT"]
[Date "2009.05.10"]
[Round "3"]
[White "Maiorov, Daniel"]
[Black "Osswald, Luis Monty"]
[Result "0-1"]
[WhiteElo "1942"]
[BlackElo "2142"]
[PlyCount "66"]
[EventDate "2009.05.10"]
[EventType "swiss (blitz)"]
[EventRounds "7"]
[EventCountry "GER"]
[SourceTitle "CBM 130 Extra"]
[Source "ChessBase"]
[SourceDate "2009.07.02"]
[SourceVersion "2"]
[SourceVersionDate "2009.07.15"]
[SourceQuality "1"]

1. e4 c5 2. Nf3 Nc6 3. d4 cxd4 4. Nxd4 Nf6 5. Nc3 e5 6. Ndb5 d6 7. Nd5 Nxd5 8. exd5 Nb8 9. c4 Be7 10. Be2 0-0 11. 0-0 f5 12. f4 Nd7 13. Kh1 a6 14. Nc3 Bf6 15. Be3 Kh8 16. Rc1 exf4 17. Bxf4 Ne5 18. b3 g5 19. Bxe5 Bxe5 20. g4 Qf6 21. gxf5 Bxc3 22. Bg4 Be5 23. Rf3 Kg7 24. Qd3 Qe7 25. Rcf1 Rf6 26. Qd2 h6 27. h4 Bf4 28. Qf2 Bxf5 29. Rg1 Be4 30. hxg5 hxg5 31. Rg2 Rh8+ 32. Kg1 Bxf3 33. Bxf3 Be3 0-1

[Event "GER-ch Net qual1 U25"]
[Site "Playchess.com INT"]
[Date "2009.05.10"]
[Round "1"]
[White "Maiorov, Daniel"]
[Black "Rosner, Jonas"]
[Result "0-1"]
[WhiteElo "1942"]
[BlackElo "2184"]
[PlyCount "82"]
[EventDate "2009.05.10"]
[EventType "swiss (blitz)"]
[EventRounds "7"]
[EventCountry "GER"]
[SourceTitle "CBM 130 Extra"]
[Source "ChessBase"]
[SourceDate "2009.07.02"]
[SourceVersion "2"]
[SourceVersionDate "2009.07.15"]
[SourceQuality "1"]

1. e4 c5 2. Nf3 d6 3. d4 cxd4 4. Nxd4 Nf6 5. Nc3 a6 6. Bg5 e6 7. f4 h6 8. Bh4 Be7 9. Qf3 Qc7 10. 0-0-0 Nbd7 11. Bxf6 Nxf6 12. Kb1 0-0 13. g4 Nd7 14. h4 b5 15. g5 b4 16. Nce2 h5 17. Qxh5 Bb7 18. Bg2 Rac8 19. Rd2 Nc5 20. Ng3 a5 21. g6 fxg6 22. Qxg6 Rf6 23. Qg4 Bf8 24. Nh5 Rh6 25. Re1 a4 26. e5 d5 27. f5 a3 28. Nxe6 Nxe6 29. fxe6 axb2 30. Qf5 Qc3 31. Rde2 b3 32. Qf7+ Kh8 33. Qxf8+ Rxf8 34. cxb3 Rxh5 35. Rd1 Rc8 36. Rxb2 Rxe5 37. Bh3 Re1 38. Rbd2 Qxd2 39. Rxe1 Qxe1+ 40. Kb2 Qd2+ 41. Ka3 Ra8# 0-1

[Event "GER-ch Net qual1 U25"]
[Site "Playchess.com INT"]
[Date "2009.05.10"]
[Round "4"]
[White "Schnoor, Ekkehard"]
[Black "Maiorov, Daniel"]
[Result "1-0"]
[WhiteElo "1997"]
[BlackElo "1942"]
[PlyCount "59"]
[EventDate "2009.05.10"]
[EventType "swiss (blitz)"]
[EventRounds "7"]
[EventCountry "GER"]
[SourceTitle "CBM 130 Extra"]
[Source "ChessBase"]
[SourceDate "2009.07.02"]
[SourceVersion "2"]
[SourceVersionDate "2009.07.15"]
[SourceQuality "1"]

1. e4 c5 2. Nf3 d6 3. d4 cxd4 4. Nxd4 Nf6 5. Nc3 g6 6. Be3 Bg7 7. f3 0-0 8. Qd2 Nc6 9. Bc4 Bd7 10. 0-0-0 Qa5 11. Kb1 Rfc8 12. Bb3 Ne5 13. Bg5 Rab8 14. Bxf6 Bxf6 15. Nd5 Qxd2 16. Nxf6+ exf6 17. Rxd2 Nc4 18. Bxc4 Rxc4 19. Rhd1 Rbc8 20. c3 h5 21. Nb3 d5 22. Rxd5 Be6 23. Rd8+ Kg7 24. Rxc8 Rxc8 25. Nd4 Bc4 26. b3 Ba6 27. Kb2 b6 28. c4 g5 29. Nf5+ Kg6 30. Ne7+ 1-0

[Event "GER-ch Net qual1 U18"]
[Site "Playchess.com INT"]
[Date "2008.06.01"]
[Round "3"]
[White "Erben, Larissa"]
[Black "Maiorov, Daniel"]
[Result "0-1"]
[WhiteElo "1934"]
[BlackElo "1874"]
[PlyCount "64"]
[EventDate "2008.06.01"]
[EventType "swiss (blitz)"]
[EventRounds "7"]
[EventCountry "GER"]
[SourceTitle "CBM 124 Extra"]
[Source "ChessBase"]
[SourceDate "2008.07.03"]
[SourceVersion "1"]
[SourceVersionDate "2008.07.03"]
[SourceQuality "1"]

1. e4 c5 2. Nf3 d6 3. d4 cxd4 4. Nxd4 Nf6 5. Nc3 g6 6. Be3 Bg7 7. f3 Nc6 8. Qd2 0-0 9. 0-0-0 Be6 10. Nxe6 fxe6 11. Bc4 Qc8 12. h4 Ne5 13. Bb3 Nc4 14. Bxc4 Qxc4 15. Bh6 Rac8 16. Bxg7 Kxg7 17. h5 Nxh5 18. Qg5 Rc5 19. Qxe7+ Rf7 20. Qxd6 Nf4 21. Rd2 b5 22. a3 a5 23. Re1 b4 24. axb4 axb4 25. Na4 Qa2 26. Rd3 Nxd3+ 27. Qxd3 Qxa4 28. Kd2 Rd7 29. Ke2 Rxd3 30. cxd3 Rc2+ 31. Kf1 Rxb2 32. g4 Qc2 0-1

[Event "GER-ch Net qual1 U18"]
[Site "Playchess.com INT"]
[Date "2008.06.01"]
[Round "2"]
[White "Trapp, Maximilian"]
[Black "Maiorov, Daniel"]
[Result "1-0"]
[WhiteElo "2010"]
[BlackElo "1874"]
[PlyCount "51"]
[EventDate "2008.06.01"]
[EventType "swiss (blitz)"]
[EventRounds "7"]
[EventCountry "GER"]
[SourceTitle "CBM 124 Extra"]
[Source "ChessBase"]
[SourceDate "2008.07.03"]
[SourceVersion "1"]
[SourceVersionDate "2008.07.03"]
[SourceQuality "1"]

1. d4 Nf6 2. Nf3 e6 3. c4 Nc6 4. Nc3 Bb4 5. Bd2 0-0 6. e3 d6 7. Bd3 Qe7 8. 0-0 e5 9. Nd5 Nxd5 10. cxd5 Bxd2 11. dxc6 Ba5 12. Qc2 f5 13. e4 bxc6 14. dxe5 dxe5 15. Qxc6 Rb8 16. Qd5+ Be6 17. Qxa5 fxe4 18. Bxe4 Rf4 19. Qxe5 Rbf8 20. Bd5 R4f6 21. Rae1 Re8 22. Bxe6+ Rxe6 23. Qd5 Kh8 24. Rxe6 Qxe6 25. Qxe6 Rxe6 26. Re1 1-0

[Event "GER-ch internet U18 qual 04"]
[Site "Playchess.com INT"]
[Date "2007.06.13"]
[Round "1"]
[White "Rosner, Jonas"]
[Black "Maiorov, Daniel"]
[Result "0-1"]
[WhiteElo "2105"]
[BlackElo "1879"]
[PlyCount "120"]
[EventDate "2007.06.13"]
[EventType "swiss (blitz)"]
[EventRounds "7"]
[EventCountry "GER"]
[SourceTitle "EXT 2009"]
[Source "ChessBase"]
[SourceDate "2008.11.26"]
[SourceVersion "1"]
[SourceVersionDate "2008.11.26"]
[SourceQuality "1"]

1. e4 c5 2. Nf3 d6 3. d4 cxd4 4. Nxd4 Nf6 5. Nc3 g6 6. Bg5 Bg7 7. Bb5+ Bd7 8. Qe2 0-0 9. Bxd7 Nbxd7 10. 0-0-0 Qa5 11. f4 Rfc8 12. Kb1 Qb4 13. Nb3 Rxc3 14. bxc3 Qxc3 15. Qd3 Nxe4 16. Qxc3 Nxc3+ 17. Kc1 Nxd1 18. Rxd1 Kf8 19. Re1 Bf6 20. Bh6+ Ke8 21. Kd1 Rc8 22. Nd2 Bc3 23. Bg5 f6 24. Bh4 Nc5 25. Re2 Bxd2 26. Kxd2 Kf7 27. Bf2 e5 28. Be3 Ne4+ 29. Ke1 Nc3 30. Rd2 Ke6 31. fxe5 dxe5 32. a3 a6 33. Bb6 Nb1 34. Rd3 Rxc2 35. Rb3 Nc3 36. Bf2 b5 37. Kf1 Rc1+ 38. Be1 Ne4 39. Ke2 Rc2+ 40. Kf1 Nd2+ 41. Bxd2 Rxd2 42. Rc3 f5 43. Rc6+ Rd6 44. Rc8 e4 45. Ke2 Ke5 46. Re8+ Kd4 47. h3 h5 48. Rc8 f4 49. Rf8 Ke5 50. Re8+ Re6 51. Rc8 g5 52. Rc5+ Kf6 53. Rd5 g4 54. hxg4 hxg4 55. Rh5 f3+ 56. gxf3 exf3+ 57. Kf2 Re2+ 58. Kg3 f2 59. Rh8 Kg7 60. Rh2 f1Q 0-1

[Event "GER-ch internet U18 qual 03"]
[Site "Playchess.com INT"]
[Date "2007.06.10"]
[Round "3"]
[White "Kim, Oi Sin"]
[Black "Maiorov, Daniel"]
[Result "1-0"]
[WhiteElo "2088"]
[BlackElo "1879"]
[PlyCount "51"]
[EventDate "2007.06.10"]
[EventType "swiss (blitz)"]
[EventRounds "7"]
[EventCountry "GER"]
[SourceTitle "EXT 2009"]
[Source "ChessBase"]
[SourceDate "2008.11.26"]
[SourceVersion "1"]
[SourceVersionDate "2008.11.26"]
[SourceQuality "1"]

1. c4 Nf6 2. g3 Nc6 3. Bg2 e5 4. Nc3 Bc5 5. e3 Nb4 6. d3 a6 7. Nge2 d6 8. 0-0 0-0 9. a3 Nc6 10. b4 Ba7 11. Bb2 Be6 12. Nd5 Nd7 13. d4 Rc8 14. Qa4 Qe8 15. Rfd1 f5 16. b5 Bxd5 17. Bxd5+ Kh8 18. bxc6 Nb6 19. Qc2 Nxd5 20. cxd5 b6 21. Re1 Qh5 22. Qd1 Rce8 23. Kg2 Qg5 24. f4 exf4 25. Nxf4 b5 26. Ne6 1-0